| 000 | 00815nam a2200217 a 4500 | ||
|---|---|---|---|
| 001 | 000577510 | ||
| 003 | AM-YeHGA | ||
| 005 | 20250618074752.0 | ||
| 008 | 080416s1970 ai ||||gr|||||||||0|rus|d | ||
| 040 | _aAM-YeHGA | ||
| 041 | 0 | _arus | |
| 100 | 1 |
_aԲարթիկյան, Հրաչ Միքայելի, _d1927-2011 _99491 |
|
| 245 | 1 | 0 |
_aВизантийский эпос Дигенисе Акрите и его значение для арменоведения : _bАвтореферат ... д-ра ист. наук /571/ / _cГ.М. Бартикян ; АН Арм. ССР, Ин-т истории. |
| 260 |
_aЕреван : _bБ. и., _c1970. |
||
| 300 | _a74 с. | ||
| 502 | _aАН Арм. ССР, Ин-т истории | ||
| 650 | 1 | 4 | _aИстория |
| 655 | 7 | _aThesis | |
| 942 |
_2udc _cBK |
||
| 090 | _c397081 | ||
| 999 |
_c395041 _d395041 |
||